Регионална библиотека "Любен Каравелов" - Русе

Всеки мой дъх (Запис номер 79222)

MARC детайли
000 -Лидер
Контролно поле с фиксирана дължина 01511nam a2200361 c 4500
003 - Код на организацията, давaща контролен номер
Контролно поле BLK
005 - Дата и час на последна редакция
Контролно поле 20250704172750.0
008 - Елементи от данни с фиксирана дължина
fixed length control field 180408b bul|||||r ||||||| ||bul||
010 ## - Наследен системен номер
LC control number KNG00083695000
020 ## - Международен стандартен номер на книга ISBN
Международен стандартен номер на книга ISBN 978-954-409-269-6
-- издат.: Плеяда
040 ## - Източник на каталожния запис
Идентификатор на билиотеката - собственик на записа BLK
041 ## - Код за език
Код за езика на текст/звукозапис или на отделно заглавие Български
Код за езика КДБФ Български
080 ## - УДК
Текстов определител УДК Американска литература (на САЩ)
УДК код - определител по УДК 821.111(73)
УДК определител -31
УДК - код + определител 821.111(73)-31
100 1# - Редна дума - Автор
Автор Макнот, Джудит
Авторска отговорност първи автор
R(LIN) 91371
139 ## - Редно поле
Редна дума МакНот, Джудит
Авторски знак Мак - М 19
245 10 - Сведения за заглавието
Заглавие Всеки мой дъх
Подзаглавни данни Роман
Редно поле (дума) Джудит Макнот; прев. от англ. Анжела Петрова; прев. от англ. Павел Валериев Боянов.
257 ## - Страна на издаване
Страна на създаване/издаване Съединени американски щати
260 ## - Област на издателските данни
-- София
Име на издателя, разпространителя и проч. Плеяда
Година на издаване 2008
300 ## - Физическа характеристика
Страници 360 с.
Размери/Мащаб 20 см
380 ## - Жанр
Жанр Худож. лит.
490 1# - СЕРИИ (Колекции)
Име на серия Поредица Пеперуда : Съвременна романтична проза
500 ## - Общи забележки
Забележка Ориг. загл. Every Breath You Take / Judith McNought. - Офс. изд.
653 ## - Ключова дума – ненормативна
Ключова дума романтична проза
653 ## - Ключова дума – ненормативна
Ключова дума романи
700 1# - Други автори (авторска отговорност)
Лично име Петрова, Анжела
Автороска отговорност (Описва отношението между автора и произведението) прев. от англ.
9 (RLIN) 266978
700 ## - Други автори (авторска отговорност)
Лично име Боянов, Павел Валериев
Дати, свързани с автора 1983 -
9 (RLIN) 267773
852 ## - Местоположение
Форматна сигнатура Цб 239885
856 4# - Електронен адрес и достъп
Електронен формат pdf - файл
Път до файла /url/
856 4# - Електронен адрес и достъп
Електронен формат pdf - файл
Път до файла /url/
942 ## - АРТИКУЛИ
Вид на библиотечния материал Книги
Скрит в OPAC Не
Koha issues (borrowed), all copies 59
944 ## - СЪЗДАВАНЕ И РЕДАКЦИЯ на ЗАПИСА
Създаване/Редакция Създаване
Дата на регистрацията/редакция 12.05.2008
Статус, дата на статуса Цветомила Тодорова
Служител, извършил регистрацията/редакцията 30576
944 ## - СЪЗДАВАНЕ И РЕДАКЦИЯ на ЗАПИСА
Създаване/Редакция Редакция
Дата на регистрацията/редакция 30.11.2016
Статус, дата на статуса ф /
Служител, извършил регистрацията/редакцията Людмила_Стоянова
999 ## - СИСТЕМНИ КОНТРОЛНИ НОМЕРА
Koha biblionumber 79222
Koha biblioitemnumber 79222
Наличности
Код за отписване Код за изгубен артикул Източник на класификационната схема Код за повреда Коз за рестрикции Код за отдаване Артикулен № Име на библиотеката - собственик Име на библиотеката, в която се намира в момента Статус (Текущо местоположение) Дата на вписване в системата Местоположение - отдел Цена в лева Инвентарен номер Систематично азбучна сигнатура Баркод Номер на екземпляра Цена в евро Служебна бележка Служебен тип на артикула
Изтеглен Не е изгубен Universal Decimal Classification Не е повреден без рестрикции заемане за дома 128222 Регионална библиотека "Любен Каравелов" Русе Регионална библиотека "Любен Каравелов" Русе Заемна - подръчен фонд 2009-04-23 Заемна - подръчен фонд 10.00 120000735181 П 820(73)-31/М 19 120000735181 1 5.11 Дост: Pk Вид: Ф N: 35 Дата: 23.04.2009 Книги
  Не е изгубен   Не е повреден без рестрикции ползва се в читалня 128223 Регионална библиотека "Любен Каравелов" Русе Регионална библиотека "Любен Каравелов" Русе Хранилище 2010-01-20 Хранилище 10.00 120000740905 Цб 239885 120000740905 2 5.11 Дост: Dp Вид: Д N: 27 Дата: 23.06.2009 Книги
  Не е изгубен   Не е повреден без рестрикции заемане за дома 128224 Регионална библиотека "Любен Каравелов" Русе Регионална библиотека "Любен Каравелов" Русе Заемна - подръчен фонд 2016-11-30 Заемна - подръчен фонд 10.92 120000806118 П 820(73)-31/М 19 120000806118 3 5.58 Дост: Pk Вид: Ф N: 756 Дата: 23.11.2016 Дата инв: 19.02.2018 Бележки инв: П2018 Книги
  Не е изгубен Universal Decimal Classification Не е повреден без рестрикции заемане за дома 687665 Регионална библиотека "Любен Каравелов" Русе Регионална библиотека "Любен Каравелов" Русе Заемна - подръчен фонд 2018-12-27 Заемна - подръчен фонд 4.00   П 820(73)-31/М 19 120000828617   2.05   Книги
Vip Innovations Ltd, Rousse, Bulgaria 2025